000 00378 a2200157 4500
001 155130
040 _cEscola São Tomás de Aquino
100 _aMORALES, José Luis
240 1 0 _aOur discovery island 3
_lpor
245 1 0 _aOur discovery island 3
300 _a142
362 0 _a2012
440 1 _aPearson Education do Brasil
697 _aLíngua inglesa
942 _cBK
999 _c155130
_d155130